Most Streamed Usher Songs - Statistics

General Stats
  • This quiz has been taken 44 times
    41 since last reset
  • The average score is 7 of 20
Answer Stats
# Streams Answer % Correct
1 1,724,765,013 Yeah!
97%
18 276,109,315 Confessions Part II
67%
13 315,795,319 Burn
63%
2 1,167,608,682 DJ Got Us Fallin' In Love
60%
11 366,745,839 U Got It Bad
60%
3 973,983,295 My Boo
57%
6 431,225,024 U Remind Me
57%
5 438,177,013 OMG
43%
10 377,275,776 Love in This Club
33%
16 290,023,613 You Make Me Wanna...
30%
9 378,266,459 Hey Daddy
27%
7 403,415,038 I Don't Mind
20%
8 395,743,727 New Flame
20%
19 240,327,044 Scream
20%
4 579,685,374 Without You
20%
20 232,084,766 More - RedOne Jimmy Joker Remix
13%
14 302,551,694 Promise
13%
12 317,831,851 Party
10%
17 277,813,940 Come Thru
7%
15 293,905,689 Don't Look Down
7%
No matching quizzes found
Score Distribution
Percent of People with Each Score
Percentile by Number Answered
Your Score History
You have not taken this quiz since the last reset